Sur Staline / (Record no. 106842)

MARC details
000 -LEADER
campo de control de longitud fija 00700nam a2200229 i 4500
001 - NÚMERO DE CONTROL
campo de control 106842
003 - IDENTIFICADOR DE NÚMERO DE CONTROL
campo de control ES-MaACL
005 - FECHA Y HORA DE LA ÚLTIMA TRANSACCIÓN
campo de control 20240222150538.0
007 - CAMPO FIJO DE DESCRIPCIÓN FÍSICA--INFORMACIÓN GENERAL
campo de control de longitud fija t|
008 - DATOS DE LONGITUD FIJA--INFORMACIÓN GENERAL
campo de control de longitud fija 070104s1963 fr ||||1| fre d
080 ## - NÚMERO DE LA CLASIFICACIÓN DECIMAL UNIVERSAL
Número de la Clasificación Decimal Universal 929 Stalin, Iosif Vissarionovich
100 1# - ENTRADA PRINCIPAL--NOMBRE DE PERSONA
Nombre de persona Astier, Emmanuel d'.
9 (RLIN) 23674
245 10 - MENCIÓN DEL TÍTULO
Título Sur Staline /
Mención de responsabilidad, etc. par Emmanuel d'Astier.
260 ## - PUBLICACIÓN, DISTRIBUCIÓN, ETC.
Lugar de publicación, distribución, etc. [Paris] :
Nombre del editor, distribuidor, etc. Plon,
Fecha de publicación, distribución, etc. [1963]
300 ## - DESCRIPCIÓN FÍSICA
Extensión 184 p. ;
Dimensiones 18 cm.
490 1# - MENCIÓN DE SERIE
Mención de serie monde en 10/18 ;
Designación de volumen o secuencia 108
500 ## - NOTA GENERAL
Nota general Biblioteca Jacinto Martínez Lacalle.
600 14 - PUNTO DE ACCESO ADICIONAL DE MATERIA--NOMBRE DE PERSONA
Nombre de persona Stalin, Iosif Vissarionovich,
Fechas asociadas al nombre 1879-1953
9 (RLIN) 107862
830 0# - PUNTO DE ACCESO ADICIONAL DE SERIE-TÍTULO UNIFORME
Título uniforme monde en 10/18 ;
Designación de volumen o secuencia 108
9 (RLIN) 177593
852 ## - LOCALIZACIÓN
Ubicación ES-MaACL
Número de control de estantería E-11488
Sublocalización o colección R.139539
Holdings
Estatus retirado Estado de pérdida Estado de daño No para préstamo Biblioteca de origen Biblioteca actual Ubicación en estantería Fecha de adquisición Fuente de adquisición Total de préstamos Signatura topográfica completa Código de barras Visto por última vez Precio de reemplazo Tipo de ítem Koha
        Biblioteca del Ateneo de Madrid Biblioteca del Ateneo de Madrid Depósito 2 17/01/2008     E-11488 1111523 23/02/2023 23/02/2023 Libro impreso